000 00765nab a2200229 4500
003 BR-BrBNA
005 20250408115059.0
008 250407b bl.||||| |||| 00| 0 por d
040 _aBR-BrBNA
_bpor
072 _aF30 ; A50 ; E14
100 _aStefano, Fabiane
245 _aDez anos de transgênicos
_bAgrotecnologia
500 _a2 illus.
650 _aTRANSGENIA
650 _aORGANISMO GENETICAMENTE MODIFICADO
650 _aBIOTECNOLOGIA
650 _aPESQUISA
650 _aINOVAÇÃO TECNOLÓGICA
773 0 _01706
_9346353
_dSão Paulo-SP Editora Três Ltda - E-mail: luizfsa@revistadinheiro.com.br 2004
_o2024-7016
_tDinheiro Rural (Brazil)
_x1807-3700
_gv. 3(23) p. 30-32; (Sep 2006)
_wBR2025000535
942 _cANA
999 _c330900
_d330900